Education of the adolescent: report of the consultavie committee (Record no. 414961)

000 -LEADER
fixed length control field 00357cam a22001097a 4500
008 - FIXED-LENGTH DATA ELEMENTS--GENERAL INFORMATION
fixed length control field 180718b1927 xxu||||| |||| 00| 0 eng d
082 ## - DEWEY DECIMAL CLASSIFICATION NUMBER
Classification number P43
245 ## - TITLE STATEMENT
Title Education of the adolescent: report of the consultavie committee
Statement of responsibility, etc. by Board of Education
260 ## - PUBLICATION, DISTRIBUTION, ETC.
Place of publication, distribution, etc. London
Name of publisher, distributor, etc. Her Majesty's Stationery office
Date of publication, distribution, etc. 1927
300 ## - PHYSICAL DESCRIPTION
Extent 338p.
700 ## - ADDED ENTRY--PERSONAL NAME
Personal name U.K. Board of Education
Holdings
Withdrawn status Lost status Damaged status Not for loan Permanent Location Current Location Date acquired Full call number Barcode Date last seen Price effective from Koha item type
        Indian Institute of Public Administration Indian Institute of Public Administration 2009-02-27 P43 6227 2018-07-21 2018-07-21 Book

Powered by Koha